[Event "New Delhi Parsvnath blitz op 18th"]
[Site "New Delhi"]
[Date "2020.01.14"]
[Round "5"]
[White "Wairagade, Khush"]
[Black "Gawai, Siddhant"]
[Result "0-1"]
[WhiteElo "1720"]
[BlackElo "1733"]
[PlyCount "52"]
[EventDate "2020.01.14"]
[EventType "swiss (blitz)"]
[EventRounds "9"]
[EventCountry "IND"]
[SourceTitle "CBM 194 Extra"]
[Source "ChessBase"]
[SourceDate "2020.03.31"]
[SourceVersion "1"]
[SourceVersionDate "2020.03.31"]
[SourceQuality "1"]

1. d4 Nf6 2. c4 e6 3. g3 Nc6 4. Bg2 d5 5. Nc3 Bb4 6. cxd5 Nxd5 7. Qd3 Nxd4 8. Bd2 Nc6 9. Nxd5 exd5 10. Qxd5 Bxd2+ 11. Qxd2 Qxd2+ 12. Kxd2 Bd7 13. Rd1 0-0-0 14. Kc1 Nb4 15. Nh3 Nxa2+ 16. Kb1 Nb4 17. e4 Ba4 18. Rxd8+ Rxd8 19. Ng5 Rd2 20. Bh3+ Kb8 21. f4 Bc2+ 22. Ka1 f6 23. Nf3 Rd6 24. b3 Bxe4 25. Rf1 a5 26. Ng1 Rd2 0-1

[Event "New Delhi Parsvnath blitz op 18th"]
[Site "New Delhi"]
[Date "2020.01.14"]
[Round "7"]
[White "Wairagade, Khush"]
[Black "Vaibhav, Jayant Raut"]
[Result "0-1"]
[WhiteElo "1720"]
[BlackElo "1969"]
[PlyCount "47"]
[EventDate "2020.01.14"]
[EventType "swiss (blitz)"]
[EventRounds "9"]
[EventCountry "IND"]
[SourceTitle "CBM 194 Extra"]
[Source "ChessBase"]
[SourceDate "2020.03.31"]
[SourceVersion "1"]
[SourceVersionDate "2020.03.31"]
[SourceQuality "1"]

1. d4 Nf6 2. Bg5 c5 3. d5 Ne4 4. h4 h6 5. Bc1 e6 6. c4 exd5 7. cxd5 g6 8. Nc3 Nxc3 9. bxc3 Bg7 10. Qd3 d6 11. e4 0-0 12. f4 Re8 13. Be2 f5 14. exf5 Bxf5 15. Qd2 Nd7 16. Bb2 Nf6 17. 0-0-0 Ne4 18. Qe1 Qa5 19. g4 Bd7 20. Rh3 Qxa2 21. Rhd3 c4 22. Re3 Ba4 23. Bf3 Nc5 24. Rd2 0-1